Sports Quiz

Random Sports or NCAA Quiz

North Dakota Fighting Sioux in the NHL Quiz Stats

 Plays Quiz not verified by Sporcle

Score 0/77 Timer 08:00
0 Plays Today
UND Years Player % Correct
2002-04Zach Parise
77%
2005-07Jonathon Toews
75.9%
2005-08T.J. Oshie
74.7%
2002-05Matt Greene
52.9%
1986-87Ed Belfour
47.1%
2004-06Travis Zajac
46%
1997-00Mike Commodore
44.8%
2007-11Brad Malone
41.4%
2007-11Matt Frattin
40.2%
1994-96Ryan Johnson
39.1%
1989-93Greg Johnson
39.1%
1996-99Jason Blake
37.9%
2005-07Brian Lee
37.9%
2003-06Drew Stafford
37.9%
1986-87Tony Hrkac
33.3%
2005-09Joe Finley
32.2%
2005-08Taylor Chorney
29.9%
2003-06Matt Smaby
29.9%
1977-81Marc Chorney
29.9%
1980-84Jon Casey
26.4%
2002-04Brandon Bochenski
25.3%
2000-03David Hale
25.3%
1977-79Dave Christian
24.1%
2003-07Chris Porter
24.1%
1984-87Bob Joyce
21.8%
1989-92Dane Jackson
20.7%
1999-02Ryan Bayda
19.5%
1997-00Lee Goren
18.4%
2001-05Matt Jones
18.4%
1983-86Brad Berry
16.1%
1980-82Troy Murray
16.1%
1999-01Travis Roche
16.1%
1977-80Doug Smail
16.1%
1987-88Geoff Smith
16.1%
2003-05Brady Murray
14.9%
1990-94Brad Bombardir
13.8%
1964-66Dennis Hextall
13.8%
1993-95Lanson Wilson
13.8%
1969-72Rick Wilson
13.8%
UND Years Player % Correct
1969-73Earl Anderson
12.6%
1981-85Jim Archibald
12.6%
1971-74Alan Hangsleben
12.6%
1978-79Kevin Maxwell
12.6%
1981-83James Patrick
12.6%
1978-82Phil Sykes
12.6%
1981-83Dave Tippett
12.6%
1996-00Brad DeFauw
11.5%
1979-82Craig Ludwig
11.5%
1988-91Jason Herter
10.3%
1985-87Ian Kidd
10.3%
1976-80Mark Taylor
10.3%
1981-84Rick Zombo
10.3%
1982-86Chris Jensen
9.2%
1979-82Darren Jensen
9.2%
1994-98Curtis Murphy
9.2%
1988-92Dixon Ward
9.2%
1984-85Jay Caufield
8%
1986-89Murray Baron
6.9%
1994-98Matt Henderson
6.9%
1967-70John Marks
6.9%
1982-86Scott Sandelin
6.9%
1981-84Gord Sherven
6.9%
1995-99Jeff Ulmer
6.9%
1978-80Howard Walker
6.9%
1987-90Gary Valk
5.7%
1983-85Perry Berezan
4.6%
1981-83Dave Donnelly
4.6%
1968-71Mike Baumgartner
3.4%
1980-84Dan Brennan
3.4%
1988-92Justin Duberman
3.4%
1987-88, 1989-92Jeff McLean
3.4%
1988-91Russ Romaniuk
3.4%
1970-72Murray Wing
3.4%
1987-91Neil Eisenhut
2.3%
1967-70Dave Hudson
2.3%
1990-91Paxton Schulte
2.3%
1979-80Mickey Volcan
2.3%

You're not logged in!

Compare scores with friends on all Sporcle quizzes.
OR
Log In

You Might Also Like...

Show Comments

Extras

Top Quizzes Today


Score Distribution

Your Account Isn't Verified!

In order to create a playlist on Sporcle, you need to verify the email address you used during registration. Go to your Sporcle Settings to finish the process.

Report this User

Report this user for behavior that violates our Community Guidelines.

Details: